LEADER 01024nam0-2200313 --450 001 9910288851603321 005 20181030104652.0 010 $a978-88-548-8339-0 020 $aIT$b2016-10301 100 $a20181030d2015----kmuy0itay5050 ba 101 0 $aita 102 $aIT 105 $a 001yy 200 1 $aCurarsi è difficile, curarsi è costoso$estoria, politica e istituzioni della sanità cinese, 1978-2013$fDaniele Brombal$gprefazioni di Laura De Giorgi, Giorgio Cortassa 210 $aAriccia$cAracne$d2015 215 $a230 p.$cill.$d22 cm 225 1 $aNuove mappe per l'Asia$v1 610 0 $aSanità pubblica$aCina$a1978-2013 676 $a362.10951$v23$zita 700 1$aBrombal,$bDaniele$0759663 702 1$aDe Giorgi,$bLaura 702 1$aCortassa,$bGiorgio 801 0$aIT$bUNINA$gREICAT$2UNIMARC 901 $aBK 912 $a9910288851603321 952 $aXIII A 488 (1)$b3188/2018$fFSPBC 959 $aFSPBC 996 $aCurarsi è difficile, curarsi è costoso$91535952 997 $aUNINA LEADER 01363nam0-2200397---450- 001 990000955960203316 005 20100802101151.0 010 $a88-324-4476-3 035 $a0095596 035 $aUSA010095596 035 $a(ALEPH)000095596USA01 035 $a0095596 100 $a20020212d2001----y0itaita00103----ba 101 $aita 102 $aIT 105 $a||||||||001yy 200 1 $aCome si ripartiscono le spese di condominio$etrattato pratico aggiornato con le nuove norme di legge e la più recente giurisprudenza$fFrancesco Tamborrino 205 $a25. ed. 210 $aMilano$cIl sole 24 ore$dcopyr.2001 215 $a263 p.$d24 cm 225 2 $aManuali di consulenza immobiliare 410 0$12001$aManuali di consulenza immobiliare 606 $aCondominio$xSpese$xRipartizione$xGuide pratiche 676 $a346.450433 700 1$aTAMBORRINO,$bFrancesco$09567 912 $a990000955960203316 951 $aXXV.1.F. 254 (Coll. HRJ 4 A)$b32743 G.$cXXV.1.F. 254 (Coll. HRJ)$d00080971 959 $aBK 969 $aGIU 979 $aPAOLA$b90$c20020212$lUSA01$h1057 979 $c20020403$lUSA01$h1738 979 $aPATRY$b90$c20040406$lUSA01$h1706 979 $aRSIAV4$b90$c20100802$lUSA01$h1011 979 $aCHIARA$b90$c20110519$lUSA01$h1422 996 $aCome si ripartiscono le spese di condominio$9973447 997 $aUNISA